00904nam a2200241 i 4500001000700000003000900007005001700016007000300033008004100036080000800077100003000085245008800115260003800203300002600241490004400267650002800311700003700339830006700376852007200443942000800515999001900523952012000542141701ES-MaACL20250829131211.0t|070926s1945 sp ||||1| spa d a1651 aVries, Joseph de.911576410aPensar y ser / cpor José de Vries ; versión española por José A. Menchaca. aMadrid : bRazón y Fe, c[1945] aXI, 296 p. ; c20 cm.1 aBiblioteca de filosofía y pedagogía 4aEpistemología.9123381 aMenchaca, José Antonio.98008110aBiblioteca de filosofía y pedagogía (Razón y Fe)91816854 aES-MaACLjD-2759146823 zSignatura ocupada por otra obra-robocSVI 2udc c141701d141701 00104070aATENEOMbATENEOMcSVId2008-01-17eSCl0oD-275p901147442r2023-02-23 00:00:00w2023-02-23yMONOGRAFIA